| 000 -LEADER |
| fixed length control field |
01197nam a22003017a 4500 |
| 008 - FIXED-LENGTH DATA ELEMENTS--GENERAL INFORMATION |
| fixed length control field |
250527b xxu||||| |||| 00| 0 eng d |
| 040 ## - CATALOGING SOURCE |
| Original cataloging agency |
Cagayan State University |
| Description conventions |
RDA |
| 082 ## - DEWEY DECIMAL CLASSIFICATION NUMBER |
| Classification number |
791.4372 |
| Item number |
T3746 2025 |
| 245 ## - TITLE STATEMENT |
| Title |
The parenting / directed by Craig Johnson ; written by Kent Sublette ; produced by Chris Bender, Jake Weiner. |
| 260 ## - PUBLICATION, DISTRIBUTION, ETC. (IMPRINT) |
| Place of publication, distribution, etc |
United States : |
| Name of publisher, distributor, etc |
Warner Bros. Pictures ; |
| -- |
New Line Cinema ; |
| -- |
Good Fear Content ; |
| -- |
Mighty Engine, |
| Date of publication, distribution, etc |
2025. |
| 300 ## - PHYSICAL DESCRIPTION |
| Extent |
1 videofile, (ca. 90 mins.) : |
| Other physical details |
sound, color. |
| 520 ## - SUMMARY, ETC. |
| Summary, etc |
A couple rents a countryside house for a weekend with their parents and then discover it's inhabited by a 400-year-old poltergeist. |
| 521 ## - TARGET AUDIENCE NOTE |
| Target audience note |
Rated R for strong/bloody violence and some language. |
| 546 ## - LANGUAGE NOTE |
| Language note |
English. |
| 650 ## - SUBJECT ADDED ENTRY--TOPICAL TERM |
| Topical term or geographic name as entry element |
Comedy. |
| 650 ## - SUBJECT ADDED ENTRY--TOPICAL TERM |
| Topical term or geographic name as entry element |
Horror. |
| 700 ## - ADDED ENTRY--PERSONAL NAME |
| Personal name |
Dodani, Nik, star. |
| 700 ## - ADDED ENTRY--PERSONAL NAME |
| Personal name |
Flynn, Brandon, star. |
| 700 ## - ADDED ENTRY--PERSONAL NAME |
| Personal name |
Posey, Parker, star. |
| 700 ## - ADDED ENTRY--PERSONAL NAME |
| Personal name |
Bang, Vivian, star. |
| 700 ## - ADDED ENTRY--PERSONAL NAME |
| Personal name |
Kudrow, Lisa, star. |
| 700 ## - ADDED ENTRY--PERSONAL NAME |
| Personal name |
Norris, Dean, star. |
| 700 ## - ADDED ENTRY--PERSONAL NAME |
| Personal name |
Cox, Brian, star. |
| 700 ## - ADDED ENTRY--PERSONAL NAME |
| Personal name |
Falco, Edie, star. |
| 700 ## - ADDED ENTRY--PERSONAL NAME |
| Personal name |
Spera, Hillary, cinematographer. |
| 700 ## - ADDED ENTRY--PERSONAL NAME |
| Personal name |
Crockett, Josh, editor. |
| 942 ## - ADDED ENTRY ELEMENTS (KOHA) |
| Source of classification or shelving scheme |
|
| Item type |
Audio-Visual Materials |